[Event "11th dMP Batavia 2019"]
[Site "Amsterdam"]
[Date "2019.03.02"]
[Round "2.1"]
[White "Meissner, Felix"]
[Black "Pijpers, Arthur"]
[Result "0-1"]
[WhiteElo "2397"]
[BlackElo "2482"]
[Annotator "TA"]
[PlyCount "90"]
[EventDate "2019.03.01"]
[EventType "tourn"]
[EventCountry "NED"]
[SourceTitle "playchess.com"]
[Source "ChessBase"]
[SourceQuality "1"]

{[%evp 23,90,44,41,31,46,0,30,21,18,-2,40,39,130,106,168,31,23,-20,-8,-229,0,0,0,-507,-535,-515,-452,-517,-522,-522,-514,-516,-514,-517,-517,-510,-509,-495,-386,-385,-379,-472,-465,-451,-361,-485,-333,-526,-541,-606,-606,-599,-588,-570,-536,-559,-527,-534,-487,-628,-580,-628,-623,-700,-684,-908,-658,-29990,-29991]} 1. d4 Nf6 2. Nc3 g6 3. e4 d6 4. f4 Bg7 5. Bd3 O-O 6. Nf3 Na6 7. O-O c5 8. d5 Bg4 9. Bc4 Nc7 10. a4 b6 11. h3 Bxf3 12. Qxf3 a6 13. Qd3 {B09: Pirc Defence: Austrian Attack} Qc8 14. Bd2 (14. Be3 Rb8 15. Rab1 Nd7 16. Kh1 Rd8 17. b4 cxb4 18. Rxb4 Nc5 19. Bxc5 bxc5 20. Rxb8 Qxb8 {½-½ (32) So,W (2673)-Grischuk,A (2773) Moscow 2011}) 14... Qb7 15. Rae1 {[#] White has an edge.} Nd7 $146 ({Predecessor:} 15... Rad8 16. g4 Nd7 17. g5 Rb8 18. h4 b5 19. Ba2 c4 20. Qh3 f5 {0-1 (38) Nadanian,A (2344)-Onischuk,V (2638) Yerevan 2017}) 16. e5 dxe5 17. f5 {[#] fxg6 is the strong threat.} e4 (17... b5 $1 $14 18. axb5 axb5 19. Nxb5 Nb6 20. Nxc7 Qxc7) 18. Qxe4 $16 {And now fxg6 would win.} Nf6 (18... Ne8 $16) 19. Qf3 (19. Qxe7 $18 Rae8 20. d6 Rxe7 21. Rxe7 {[%mdl 64] Pin}) 19... b5 $14 20. Rxe7 {Strongly threatening axb5.} (20. Ba2 {is more complex.} Rae8 21. fxg6 hxg6 22. Bg5 c4 23. Rd1) 20... bxc4 21. Qf4 $2 {[#]} (21. Bf4 $1 $11 {and White stays safe.} Nfe8 22. Ne4 gxf5 23. Ng3) 21... Nfxd5 $2 (21... Nh5 $1 $19 {[%cal Rh5f4]} 22. Qxc4 (22. Rxc7 Qxb2 {[%mdl 64] Double Attack} 23. Qg4 Bd4+ 24. Kh1 Bxc3 $19) (22. Qxc7 $2 Bd4+ 23. Rf2 Qxb2 $19) 22... Rae8 23. Rxe8 Nxe8) 22. Nxd5 $11 Qxd5 23. Qxc7 $2 {[%mdl 8192]} (23. Rxc7 $11 Be5 {[%mdl 64] Double Attack} 24. Qh6) 23... Qxd2 $19 24. fxg6 {[%cal Rf1f7]} Qd4+ 25. Kh1 {Hoping for c3.} fxg6 26. Rfe1 Rac8 27. Qb7 Qxb2 28. Qd5+ Kh8 29. Qxc4 Qd4 30. Qxa6 Bf6 31. R7e4 Qd7 32. a5 Ra8 33. Qb6 Qa7 34. Qd6 Rad8 35. Qc6 (35. Qb6 $142 Qa8 36. a6) 35... Qxa5 36. Re6 Bg7 37. R6e2 Qc3 38. Qe6 Qd4 39. Qc6 Qd5 40. Qc7 Qd6 41. Qb7 Rd7 42. Qb5 Rdf7 {( -> ...Rf1+)} 43. Re6 Qd5 44. R6e3 Rf5 45. Rd3 Rf1+ {[%mdl 64] Double Attack. Accuracy: White = 23%, Black = 46%.} 0-1

[Event "11th dMP Batavia 2019"]
[Site "Amsterdam"]
[Date "2019.03.02"]
[Round "2.2"]
[White "Arutinian, David"]
[Black "Warmerdam, Max"]
[Result "0-1"]
[WhiteElo "2555"]
[BlackElo "2448"]
[Annotator "TA"]
[PlyCount "52"]
[EventDate "2019.03.01"]
[EventType "tourn"]
[EventCountry "NED"]
[SourceTitle "playchess.com"]
[Source "ChessBase"]
[SourceQuality "1"]

{[%evp 15,52,-29,0,-10,14,-31,-43,-39,-40,-73,-74,-80,-80,-64,-62,-75,-54,-67,-19,-18,-18,-20,-2,-27,-30,-106,-40,-47,-16,-188,-184,-212,-161,-419,-393,-1257,-1261,-29986,-29987]} 1. Nf3 d5 2. c4 d4 3. e3 Nc6 4. exd4 Nxd4 5. Nxd4 Qxd4 6. d3 {A09: Réti Opening: 1 Nf3 d5 2 c4} (6. Nc3 e5 7. Be2 Ne7 8. O-O Nf5 9. d3 c6 10. Ne4 Be7 11. Ng3 O-O 12. Nxf5 Bxf5 13. Qb3 Qd7 14. Be3 {½-½ (51) Iturrizaga Bonelli,E (2652)-Matlakov,M (2701) Moscow 2017}) 6... Nh6 7. Nc3 c6 8. Be2 g6 {LiveBook: 9 Games} 9. O-O Nf5 10. Bg4 (10. g4 $5 {[%cal Rg4f5]} Ng7 11. Be3 $16) 10... Bg7 11. Re1 O-O 12. Bg5 $146 ({Predecessor:} 12. Bxf5 Bxf5 13. Rxe7 b6 14. Qa4 Bxd3 15. Qxc6 Qxc4 16. Qxc4 Bxc4 {½-½ (62) Rachela,M (2312)-Stocek,J (2578) Slovakia 2007}) 12... h6 13. Bxf5 Bxf5 14. Bxe7 Rfe8 15. Re3 Qd7 16. Bc5 $1 Rxe3 17. Bxe3 Qxd3 18. Qb3 b6 {Threatening ...Be6.} 19. Qa4 Qc2 20. Qa3 (20. Qxc2 $11 {remains equal.} Bxc2 21. Rc1) 20... Rd8 (20... Re8 $17 21. h3 {[#]} Rxe3 $1 {[%mdl 512]} 22. fxe3 Qd2) 21. h3 $15 {With the idea Rc1.} Bf8 22. Qxa7 $2 (22. c5 $11) 22... Qxb2 $19 23. Rc1 Rd3 $36 {[%mdl 2048] And now ...Rxe3! would win. Keeping White busy.} 24. Na4 $2 (24. Qxb6 Ba3 25. Qxb2 Bxb2 26. Ne2 Bxc1 27. Nxc1) 24... Qxa2 25. Qa8 $2 {[#]} (25. Re1 Ra3 26. Qxb6 Rxa4 27. Rd1) 25... Rxe3 $1 {[%mdl 512]} 26. fxe3 Be4 {Precision: White = 19%, Black = 61%.} 0-1

[Event "11th dMP Batavia 2019"]
[Site "Amsterdam"]
[Date "2019.03.02"]
[Round "2.3"]
[White "Williams, Simon K"]
[Black "Lopez, Jasel"]
[Result "1-0"]
[WhiteElo "2471"]
[BlackElo "2390"]
[Annotator "RC"]
[PlyCount "83"]
[EventDate "2019.03.01"]
[EventType "tourn"]
[EventCountry "NED"]
[SourceTitle "playchess.com"]
[Source "ChessBase"]
[SourceQuality "1"]
[TimeControl "300+3"]

1. f4 {[%emt 0:00:00]} d5 {[%emt 0:00:00]} 2. e3 {[%emt 0:00:01]} g6 {[%emt 0:00:03]} 3. Nf3 {[%emt 0:00:02]} Bg7 {[%emt 0:00:01]} 4. g3 {[%emt 0:00:02]} Nf6 {[%emt 0:00:01]} 5. Bg2 {[%emt 0:00:01]} O-O {[%emt 0:00:02]} 6. O-O {[%emt 0:00:02]} c5 {[%emt 0:00:02]} 7. d3 {[%emt 0:00:02]} Nc6 {[%emt 0:00:07]} 8. Ne5 {[%emt 0:00:03]} Qc7 {[%emt 0:00:31]} 9. Nxc6 {[%emt 0:00:02]} bxc6 {[%emt 0:00:02]} 10. e4 {[%emt 0:00:05]} e5 {[%emt 0:00:02]} 11. f5 {[%emt 0:00:02]} gxf5 {[%emt 0:00:20]} 12. exf5 {[%emt 0:00:02]} c4 {[%emt 0:00:41]} 13. dxc4 {[%emt 0:00:06]} e4 {[%emt 0:01:03]} 14. Kh1 {[%emt 0:00:21]} Re8 {[%emt 0:00:11]} 15. Be3 {[%emt 0:00:19]} Ba6 {[%emt 0:00:03]} 16. Na3 {[%emt 0:00:17]} Rad8 {[%emt 0:00:03]} 17. c3 {[%emt 0:00:07]} c5 {[%emt 0:00:12]} 18. g4 {[%emt 0:00:31]} h6 {[%emt 0:00:10]} 19. g5 {[%emt 0:00:29]} hxg5 {[%emt 0:00:02]} 20. Bxg5 {[%emt 0:00:01]} d4 {[%emt 0:00:13]} 21. Qe1 {[%emt 0:00:09]} Qb6 {[%emt 0:01:26]} 22. Qh4 {[%emt 0:00:07]} e3 {[%emt 0:00:12]} 23. Rg1 {[%emt 0:00:12]} Kf8 {[%emt 0:00:13]} 24. Nc2 {[%emt 0:00:50]} Bb7 {[%emt 0:00:01]} 25. b4 {[%emt 0:00:21]} Re4 {[%emt 0:00:09]} 26. Qh3 {[%emt 0:00:13]} Ng4 {[%emt 0:00:01]} 27. Bh4 {[%emt 0:00:09]} d3 {[%emt 0:00:02]} 28. bxc5 {[%emt 0:00:16]} Qh6 {[%emt 0:00:01]} 29. Nd4 {[%emt 0:00:19]} Rdxd4 {[%emt 0:00:09]} 30. cxd4 {[%emt 0:00:02]} Bxd4 {[%emt 0:00:02]} 31. Rab1 {[%emt 0:00:01]} Bc6 {[%emt 0:00:06]} 32. Rb8+ {[%emt 0:00:02]} Kg7 {[%emt 0:00:00]} 33. Rc8 {[%emt 0:00:27]} e2 {[%emt 0:00:07]} 34. f6+ {[%emt 0:00:11]} Kh7 {[%emt 0:00:09]} 35. Rxc6 {[%emt 0:00:04]} Nf2+ {[%emt 0:00:01]} 36. Bxf2 {[%emt 0:00:02]} Qxh3 {[%emt 0:00:06]} 37. Bxe4+ {[%emt 0:00:17]} Kh6 {[%emt 0:00:00]} 38. Bxd4 {[%emt 0:00:10]} d2 {[%emt 0:00:00]} 39. Rc8 {[%emt 0:00:01]} Qxc8 {[%emt 0:00:04]} 40. Be3+ {[%emt 0:00:01]} Kh5 {[%emt 0:00:01]} 41. Bf3+ {[%emt 0:00:02]} Kh4 {[%emt 0:00:01]} 42. Bf2+ {[%emt 0:00:03]} 1-0

[Event "11th dMP Batavia 2019"]
[Site "Amsterdam"]
[Date "2019.03.02"]
[Round "2.4"]
[White "Lahaye, Rick"]
[Black "Van der Wiel, John T.H."]
[Result "1/2-1/2"]
[WhiteElo "2414"]
[BlackElo "2391"]
[Annotator "TA"]
[PlyCount "130"]
[EventDate "2019.03.01"]
[EventType "tourn"]
[EventCountry "NED"]
[SourceTitle "playchess.com"]
[Source "ChessBase"]
[SourceQuality "1"]

{[%evp 9,130,-18,2,-15,-10,-27,-37,-62,-67,-66,-70,-128,-126,-146,-134,-129,-89,-142,-141,-134,-131,-154,-136,-193,-191,-227,-186,-194,-168,-166,-157,-232,-20,-32,0,0,0,0,0,0,0,0,224,224,224,228,227,225,224,216,217,221,224,225,271,229,229,229,229,229,229,229,229,229,235,229,251,256,310,293,287,297,302,300,325,237,307,316,294,214,212,37,110,110,196,0,0,0,192,37,37,37,539,601,472,8,8,8,8,4,4,4,4,-9,0,-10,-10,-13,-9,-28,29977,0,0,0,0,0,0,0,0,0,0,0,0]} 1. c3 Nf6 2. g3 (2. d4 g6 3. Bg5 Bg7 4. Nd2 O-O 5. e3 c5 6. dxc5 a5 7. Bxf6 Bxf6 8. Ne4 Bg7 9. Qd5 a4 10. h4 a3 11. b4 Nc6 12. Rd1 {1-0 (32) Bartel,M (2609)-Ladva,O (2522) Katowice 2017}) 2... d5 3. Bg2 c6 4. d3 Bg4 5. Nd2 Nbd7 6. h3 {A00: Irregular Openings} Bh5 7. g4 $146 ({Predecessor:} 7. Ngf3 e6 8. O-O Be7 9. b4 a5 10. Qb3 O-O 11. a4 axb4 12. cxb4 {1-0 (33) Renet,J (2272)-Johannes,A (2198) Antwerp 2000}) 7... Bg6 8. f4 {Black is slightly better.} e6 9. Ndf3 Bd6 10. d4 (10. Be3 $15) 10... Ne4 $17 {[%cal Bf6e4,Be4g3,Bg3f5][%mdl 32]} 11. e3 h5 12. g5 Ng3 13. Rh2 (13. Nh4 $142) 13... h4 $1 14. Ne2 Nf5 15. Rh1 f6 16. Rf1 (16. Qb3 $17 {was necessary.}) 16... Qc7 17. b3 e5 18. gxf6 gxf6 19. fxe5 fxe5 20. Ng5 Nf8 $2 (20... exd4 $1 $19 {aiming for ...Bg3+.} 21. exd4 Qd8) 21. e4 $11 Ne7 22. Rxf8+ Rxf8 23. Ne6 Qd7 24. Nxf8 Kxf8 25. Bg5 Bxe4 $2 (25... Kg8 $11 {and Black has nothing to worry.}) 26. Bxe4 $18 Qxh3 27. dxe5 $1 Bxe5 28. Qd3 Qg4 29. Qf3+ Qxf3 30. Bxf3 h3 31. Kf2 h2 32. Bf4 Ng6 33. Bxe5 $1 Nxe5 34. Rh1 Ke7 {And now ...Rf8 would win.} 35. Rxh2 Rf8 36. Rh3 Kd6 37. Ke3 a5 38. Nd4 a4 39. b4 Nc4+ 40. Kd3 Re8 41. Rh6+ Kc7 42. Re6 Rg8 43. Re7+ Kb6 44. Re2 Rg1 45. Ne6 $2 (45. Re6 $18) 45... Rd1+ ({Black should try} 45... Rf1 $1 $14 46. Bh5 Rh1) 46. Kc2 $16 Ra1 (46... Rf1 $16) 47. Kd3 Rd1+ 48. Kc2 Ra1 {[#]} 49. Nd4 $2 (49. Nc5 $1 $18) 49... Rxa2+ $14 50. Kb1 Ra3 $2 {[%mdl 8192] [#]} (50... Rd2 $14) 51. Rc2 $1 $18 c5 52. Bxd5 $2 (52. bxc5+ $18 Kxc5 53. Be2) 52... Ne3 $132 {[%mdl 2048] Black has counterplay} 53. bxc5+ Kxc5 54. Bxb7 {Threatens to win with Rc1.} Nxc2 55. Kxc2 {Hoping for Kb2.} Ra2+ 56. Kd3 Rh2 57. Bf3 a3 58. Nb3+ Kb5 59. Be2 Rxe2 $2 {[%mdl 8192]} (59... a2 $11 60. Na1 Rg2) 60. Kxe2 $2 {[%mdl 4096] Endgame KN-KP} (60. Nd4+ {mates} Kc5 61. Kxe2 (61. Nxe2 a2 $16) 61... a2 62. Nc2 Kc4 63. Kd2 Kc5 64. Kd3 Kb5 65. c4+ Kc5 66. Na1) 60... Kc4 {The position is equal.} 61. Na1 {Black must now prevent Kd2.} Kxc3 62. Kd1 Kb2 63. Nc2 a2 64. Kd2 a1=Q 65. Nxa1 Kxa1 {Precision: White = 43%, Black = 37%.} 1/2-1/2

[Event "11th dMP Batavia 2019"]
[Site "Amsterdam"]
[Date "2019.03.02"]
[Round "2.5"]
[White "Kuipers, Stefan"]
[Black "Leenhouts, Koen"]
[Result "1-0"]
[WhiteElo "2455"]
[BlackElo "2447"]
[Annotator "ChessBase"]
[PlyCount "65"]
[EventDate "2019.03.01"]
[EventType "tourn"]
[EventCountry "NED"]
[SourceTitle "playchess.com"]
[Source "ChessBase"]
[SourceQuality "1"]
[TimeControl "300+3"]

1. e4 {[%emt 0:00:00]} c5 {[%emt 0:00:00]} 2. Nf3 {[%emt 0:00:00]} e6 {[%emt 0:00:00]} 3. d4 {[%emt 0:00:00]} cxd4 {[%emt 0:00:00]} 4. Nxd4 {[%emt 0:00:02]} Nc6 {[%emt 0:00:01]} 5. Nc3 {[%emt 0:00:00]} Qc7 {[%emt 0:00:01]} 6. Be3 {[%emt 0:00:02]} a6 {[%emt 0:00:01]} 7. Qf3 {[%emt 0:00:01]} Nf6 {[%emt 0:00:01]} 8. O-O-O {[%emt 0:00:03]} Ne5 {[%emt 0:00:01]} 9. Qg3 {[%emt 0:00:10]} b5 {[%emt 0:00:01]} 10. f4 {[%emt 0:00:04]} Neg4 {[%emt 0:00:02]} 11. Bg1 {[%emt 0:00:03]} Nh6 {[%emt 0:00:02]} 12. Bd3 {[%emt 0:00:23]} b4 {[%emt 0:00:02]} 13. Nce2 {[%emt 0:00:51]} Bb7 {[%emt 0:00:01]} 14. Qf3 {[%emt 0:00:16]} d5 {[%emt 0:00:12]} 15. e5 {[%emt 0:00:02]} Ne4 {[%emt 0:00:01]} 16. g4 {[%emt 0:00:40]} g6 {[%emt 0:00:12]} 17. h4 {[%emt 0:00:24]} Bg7 {[%emt 0:00:19]} 18. Ng3 {[%emt 0:00:14]} Nc5 {[%emt 0:01:17]} 19. Kb1 {[%emt 0:00:06]} Ng8 {[%emt 0:00:26]} 20. h5 {[%emt 0:00:08]} g5 {[%emt 0:00:09]} 21. h6 {[%emt 0:00:10]} Nxh6 {[%emt 0:00:10]} 22. Nh5 {[%emt 0:00:03]} Bf8 {[%emt 0:00:06]} 23. Nf6+ {[%emt 0:00:05]} Kd8 {[%emt 0:00:02]} 24. Nxh7 {[%emt 0:01:06]} Nxd3 {[%emt 0:00:34]} 25. Qxd3 {[%emt 0:00:01]} Nxg4 {[%emt 0:00:13]} 26. Nxf8 {[%emt 0:00:02]} Rxf8 {[%emt 0:00:03]} 27. Qg3 {[%emt 0:00:01]} gxf4 {[%emt 0:00:29]} 28. Qxg4 {[%emt 0:00:06]} Qxe5 {[%emt 0:00:01]} 29. Bf2 {[%emt 0:00:08]} Kc7 {[%emt 0:00:20]} 30. Rhe1 {[%emt 0:00:02]} Qf6 {[%emt 0:00:03]} 31. Bh4 {[%emt 0:00:07]} Qh8 {[%emt 0:00:36]} 32. Qxf4+ {[%emt 0:00:02]} Kc8 {[%emt 0:00:03]} 33. Bg3 {[%emt 0:00:05]} 1-0

[Event "11th dMP Batavia 2019"]
[Site "Amsterdam"]
[Date "2019.03.03"]
[Round "3"]
[White "Pijpers, Arthur"]
[Black "Arutinian, David"]
[Result "1/2-1/2"]
[WhiteElo "2482"]
[BlackElo "2555"]
[Annotator "TA"]
[PlyCount "101"]
[EventDate "2019.03.01"]
[EventType "tourn"]
[EventCountry "NED"]
[SourceTitle "playchess.com"]
[Source "ChessBase"]
[SourceQuality "1"]

{[%evp 18,101,40,33,36,39,81,62,86,43,90,68,81,91,93,0,0,0,0,0,0,0,0,0,0,0,0,-87,-87,-90,-84,-91,-90,-93,-39,-49,-43,-49,-50,-89,-76,-89,-89,-89,-89,-98,-98,-98,29986,-98,-98,-98,-98,-98,-89,-98,-98,-98,-98,-98,-98,-98,-98,-98,-98,-98,-22,-22,-22,-22,-22,-22,0,-22,-22,-22,-22,-22,0,0,0,0,0,0,0,-10]} 1. e4 c5 2. Nf3 Nc6 3. d4 cxd4 4. Nxd4 g6 5. c4 Bg7 6. Be3 Nf6 7. Nc3 d6 8. Be2 O-O 9. O-O Bd7 10. h3 Nxd4 {B38: Sicilian: Maroczy Bind with 5...Bg7 and 7...0-0} 11. Bxd4 Be6 $146 ({Predecessor:} 11... Bc6 12. Qc2 a5 13. Rad1 Nd7 14. Bxg7 Kxg7 15. Bg4 Ne5 16. c5 Nxg4 17. hxg4 Qc8 18. cxd6 Qxg4 19. dxe7 Rfe8 {1-0 (43) Cheparinov,I (2711)-Amin,B (2709) Zagreb 2018}) 12. Rc1 Qa5 {White is slightly better.} 13. Nd5 Nxe4 14. Nxe7+ Kh8 15. Bf3 Nd2 16. Bxg7+ ({White should play} 16. Bxb7 $16 Nxf1 17. Bxa8 Rxa8 18. Kxf1) 16... Kxg7 $11 17. Bxb7 Rae8 $1 {[%cal Re8e7]} 18. Nc6 Qg5 19. h4 Qf4 {White must now prevent ...Bg4.} 20. g3 Nf3+ 21. Kg2 Qe4 $40 {[%mdl 128] ( -> ...Nxh4+). Black attacks.} 22. Nd8 ({Wrong is} 22. Qxf3 $2 Bh3+ 23. Kxh3 Qxf3 $19) (22. Na5 $11 {keeps the balance.} d5 23. Bxd5 (23. Qxf3 $2 Bh3+ {[%mdl 64] Skewer, Deflection} 24. Kxh3 Qxf3 $19) 23... Nxh4+ 24. Kh2 Bxd5 25. Qxd5 Nf3+ 26. Kg2 Ne1+ {[%mdl 64] Discovered Attack (Double check)} 27. Kh3) 22... d5 $17 23. Bxd5 {[#]} Nxh4+ $1 {[%mdl 64] Discovered Attack (Double check)} 24. Kg1 Bxd5 25. Qxd5 Qxd5 (25... Nf3+ $17 26. Kg2 Nd2+ {[%mdl 64] Discovered Attack} 27. Qxe4 Rxe4) 26. cxd5 $15 Rxd8 27. gxh4 Rxd5 $17 {[%mdl 4096] Endgame KRR-KRR} 28. Rc7 Rb8 29. Rxa7 Rxb2 30. Ra4 Rdd2 31. Kg2 Rxa2 32. Rxa2 Rc2 $2 {[%mdl 8192] [#]} (32... Rxa2 $17 33. Rb1 Ra7) 33. Rb2 $2 (33. Rxc2 {mates} Kh6 34. Rc6 Kh5 35. Kg3 Kh6 36. Rb1 Kg7 37. Rb7 h6 38. Kg4) 33... Rxb2 {KR-KR} 34. Kg3 Ra2 35. Rc1 Kh6 36. Rb1 Ra7 37. Rb5 f5 38. f3 Kh5 39. Rb4 h6 40. Rc4 Ra3 41. Rb4 g5 ({Black should try} 41... Rc3 $17 42. Kg2 Rc2+ 43. Kg3 Rc3) 42. hxg5 $11 {The position is equal.} hxg5 (42... Kxg5 43. Rb5 $15) 43. Kg2 Ra2+ 44. Kh3 Ra3 45. Kg2 $1 f4 46. Rb8 Ra2+ 47. Kh3 $1 Rf2 48. Rh8+ Kg6 49. Rg8+ Kf6 50. Rxg5 $1 Rxf3+ 51. Kg2 {Accuracy: White = 67%, Black = 56%.} 1/2-1/2

[Event "11th dMP Batavia 2019"]
[Site "Amsterdam"]
[Date "2019.03.03"]
[Round "3"]
[White "Warmerdam, Max"]
[Black "Lahaye, Rick"]
[Result "1/2-1/2"]
[WhiteElo "2448"]
[BlackElo "2414"]
[Annotator "NA RC"]
[PlyCount "63"]
[EventDate "2019.03.01"]
[EventType "tourn"]
[EventCountry "NED"]
[SourceTitle "playchess.com"]
[Source "ChessBase"]
[SourceQuality "1"]
[TimeControl "40/5400+30:1800+30"]

1. d4 {[%emt 0:00:00]} d5 {[%emt 0:00:45]} 2. c4 {[%emt 0:00:00]} c6 {[%emt 0:00:39]} 3. Nf3 {[%emt 0:00:00]} e6 {[%emt 0:00:28]} 4. e3 {[%emt 0:01:18]} Nd7 {[%emt 0:00:39]} 5. b3 {[%emt 0:00:58]} Bd6 {[%emt 0:01:05]} 6. Bd3 {[%emt 0:01:46]} Qe7 {[%emt 0:02:15]} 7. O-O {[%emt 0:02:16]} Ngf6 {[%emt 0:07:53]} 8. Bb2 {[%emt 0:13:37]} e5 {[%emt 0:04:23]} 9. dxe5 {[%emt 0:01:58]} Nxe5 {[%emt 0:00:09]} 10. Nxe5 {[%emt 0:05:22]} Bxe5 {[%emt 0:00:05]} 11. Bxe5 {[%emt 0:00:14]} Qxe5 {[%emt 0:00:05]} 12. Nd2 {[%emt 0:00:07]} Bg4 {[%emt 0:06:53]} 13. Qc2 {[%emt 0:07:14]} Rd8 {[%emt 0:05:42]} 14. e4 {[%emt 0:28:31]} dxc4 {[%emt 0:10:41]} 15. Nxc4 {[%emt 0:01:31]} Qd4 {[%emt 0:00:49]} 16. Be2 {[%emt 0:00:57]} Bxe2 {[%emt 0:07:29]} 17. Qxe2 {[%emt 0:00:06]} O-O {[%emt 0:00:05]} 18. Rfe1 {[%emt 0:12:44]} b5 {[%emt 0:19:06]} 19. Rad1 {[%emt 0:09:10]} Qxe4 {[%emt 0:00:58]} 20. Qxe4 {[%emt 0:07:17]} Nxe4 {[%emt 0:00:18]} 21. Rxd8 {[%emt 0:04:03]} Rxd8 {[%emt 0:00:37]} 22. Ne5 {[%emt 0:00:13]} c5 {[%emt 0:21:13]} 23. Nc6 {[%emt 0:00:07]} Rd2 {[%emt 0:00:09]} 24. Nxa7 {[%emt 0:00:10]} b4 {[%emt 0:00:14]} 25. f3 {[%emt 0:00:20]} Nf6 {[%emt 0:00:11]} 26. Re5 {[%emt 0:00:46]} Rc2 {[%emt 0:01:25]} 27. Kf1 {[%emt 0:00:39]} Kf8 {[%emt 0:05:39]} 28. Re2 {[%emt 0:00:05]} Rc1+ {[%emt 0:00:28]} 29. Re1 {[%emt 0:00:53]} Rc2 {[%emt 0:00:45]} 30. Re2 {[%emt 0:00:04]} Rc1+ {[%emt 0:01:51]} 31. Re1 {[%emt 0:00:04]} Rc2 {[%emt 0:01:14]} 32. Re2 {[%emt 0:00:37]} 1/2-1/2

[Event "11th dMP Batavia 2019"]
[Site "Amsterdam"]
[Date "2019.03.03"]
[Round "3"]
[White "Leenhouts, Koen"]
[Black "Meissner, Felix"]
[Result "0-1"]
[WhiteElo "2447"]
[BlackElo "2397"]
[Annotator "TA"]
[PlyCount "70"]
[EventDate "2019.03.01"]
[EventType "tourn"]
[EventCountry "NED"]
[SourceTitle "playchess.com"]
[Source "ChessBase"]
[SourceQuality "1"]

{[%evp 9,70,-9,44,2,57,50,85,81,71,-46,-47,-44,-64,-54,-29,-81,0,-46,0,0,0,-5,0,0,0,0,0,0,0,0,0,0,0,0,0,-14,-32,-35,-12,-11,-14,-61,-72,-111,-75,-286,-118,-104,-68,-549,-452,-1709,-1659,-29967,-29968,-29994,-29995,-29995,-29996,-29996,-29997,-29997,-29995]} 1. d4 d5 2. c4 Nc6 3. Nc3 dxc4 4. d5 (4. Nf3 Nf6 5. d5 Na5 6. Bf4 e6 7. Qa4+ c6 8. dxc6 Nxc6 9. Ne5 Bd7 10. Nxd7 Nxd7 11. O-O-O a6 12. Qxc4 Rc8 13. Kb1 Bb4 {½-½ (41) Kamsky,G (2706)-Stripunsky,A (2549) ICC INT 2014}) 4... Na5 5. Bf4 Bd7 (5... Nf6 $11) 6. Nf3 $146 {[%mdl 1024] White has compensation. D07: Queen's Gambit: Chigorin Defence} ({Predecessor:} 6. e4 Rc8 7. Nf3 b5 8. Ne5 Nf6 9. b4 Nb7 10. Qf3 a5 11. Nc6 Bxc6 12. dxc6 {1-0 (22) Tessieri,F (1545)-Townsend,J (1882) IECG email 2005}) 6... b5 (6... Nf6 $11) 7. e4 $14 b4 8. Na4 {White is better.} e6 9. Ne5 (9. dxe6 $16 fxe6 10. Ne5) 9... Nf6 $15 {And now ...exd5 would win.} 10. Nxc4 Nxc4 11. Bxc4 exd5 $1 ({Don't play} 11... Nxe4 $6 12. Qe2 $14) 12. Bb3 (12. exd5 $11 {keeps the balance.} Bd6 13. Bxd6 cxd6 14. O-O) 12... c6 (12... Bb5 $17 {Strongly threatening ...Bd6.} 13. e5 Qe7) 13. O-O {[%cal Re4d5]} (13. e5 $5 {[%cal Re5f6]}) 13... Be7 14. e5 Ne4 15. Rc1 O-O 16. f3 Ng5 17. Be3 f6 18. exf6 Bxf6 19. Nc5 Nf7 $36 {[%mdl 2048] White is under pressure.} ({Of course not} 19... Bxb2 $6 20. Bxg5 Qxg5 21. Nxd7 $16) 20. Qd2 a5 21. Ba4 Rc8 $1 22. Nxd7 Qxd7 23. Rc5 Qe6 24. Bf2 Ne5 25. Re1 {f4 is the strong threat.} Qf5 26. Bc2 Qh5 {Hoping for ...Be7.} 27. Qe2 $2 {[#]} (27. Bb3 $17) 27... Rfe8 (27... Rce8 $1 $19 {has better winning chances.} 28. Qf1 Bd8 29. Rxe5 Qxe5 30. Rxc6 Qxb2) 28. Qf1 $17 Bd8 {White must now prevent ...Bb6.} 29. Qa6 $2 {[%mdl 8192]} (29. Bd1 $1 $15 Qh6 30. Rc2) 29... Bc7 {( -> ...Nxf3+!)} 30. h3 {[#]} (30. Rxe5 $142 Bxe5 31. h3) 30... Nxf3+ $1 $19 {[%mdl 576] Discovered Attack, Deflection} 31. gxf3 Qxh3 {Black mates.} 32. Re2 Bh2+ 33. Kh1 Bg3+ 34. Kg1 Qh2+ 35. Kf1 Bxf2 {Accuracy: White = 26%, Black = 62%.} 0-1

[Event "11th dMP Batavia 2019"]
[Site "Amsterdam"]
[Date "2019.03.03"]
[Round "3"]
[White "Van der Wiel, John T.H."]
[Black "Williams, Simon K"]
[Result "0-1"]
[WhiteElo "2391"]
[BlackElo "2471"]
[Annotator "RC"]
[PlyCount "64"]
[EventDate "2019.03.01"]
[EventType "tourn"]
[EventCountry "NED"]
[SourceTitle "playchess.com"]
[Source "ChessBase"]
[SourceQuality "1"]
[TimeControl "40/5400+30:1800+30"]

1. e4 {[%emt 0:00:00]} g6 {[%emt 0:00:39]} 2. d4 {[%emt 0:00:00]} Bg7 {[%emt 0:00:12]} 3. Nc3 {[%emt 0:02:19]} d6 {[%emt 0:00:16]} 4. Be3 {[%emt 0:00:16]} a6 {[%emt 0:00:33]} 5. g4 {[%emt 0:00:52]} b5 {[%emt 0:02:11]} 6. Bg2 {[%emt 0:01:18]} Bb7 {[%emt 0:00:18]} 7. Nge2 {[%emt 0:00:57]} Nf6 {[%emt 0:03:13]} 8. Ng3 {[%emt 0:06:13]} b4 {[%emt 0:04:20]} 9. Nb1 {[%emt 0:05:50]} h5 {[%emt 0:06:06]} 10. gxh5 {[%emt 0:11:16]} Nxh5 {[%emt 0:00:27]} 11. a3 {[%emt 0:00:23]} c5 {[%emt 0:12:46]} 12. axb4 {[%emt 0:24:43]} cxd4 {[%emt 0:01:03]} 13. Nxh5 {[%emt 0:00:15]} Rxh5 {[%emt 0:00:44]} 14. Bxd4 {[%emt 0:00:14]} Bxd4 {[%emt 0:02:26]} 15. Qxd4 {[%emt 0:00:47]} Nc6 {[%emt 0:05:03]} 16. Qd2 {[%emt 0:04:19]} Qb6 {[%emt 0:09:25]} 17. Nc3 {[%emt 0:12:32]} Nxb4 {[%emt 0:03:55]} 18. O-O {[%emt 0:01:52]} Rc8 {[%emt 0:02:05]} 19. Na4 {[%emt 0:08:14]} Qb5 {[%emt 0:00:51]} 20. Nc3 {[%emt 0:00:27]} Qe5 {[%emt 0:14:10]} 21. f4 {[%emt 0:02:24]} Qh8 {[%emt 0:00:13]} 22. Ra4 {[%emt 0:04:31]} Rc4 {[%emt 0:05:19]} 23. b3 {[%emt 0:04:48]} Rd4 {[%emt 0:02:09]} 24. Qf2 {[%emt 0:02:44]} Rxh2 {[%emt 0:01:14]} 25. Re1 {[%emt 0:01:54]} Nc6 {[%emt 0:05:16]} 26. Nd5 {[%emt 0:01:27]} Qh4 {[%emt 0:05:39]} 27. Rxd4 {[%emt 0:00:18]} Qxf2+ {[%emt 0:00:16]} 28. Kxf2 {[%emt 0:00:02]} Nxd4 {[%emt 0:00:06]} 29. Kg3 {[%emt 0:02:41]} Rh5 {[%emt 0:01:09]} 30. Ne3 {[%emt 0:00:49]} Rc5 {[%emt 0:00:19]} 31. b4 {[%emt 0:00:27]} Rc3 {[%emt 0:00:21]} 32. Kf2 {[%emt 0:00:14]} Nxc2 {[%emt 0:00:20]} 0-1